Práca nadčas

Právna úprava práce nadčas. Dôvody zamestnávateľa na nariadenie práce nadčas. Mzda za prácu nadčas. Náhradné voľno za prácu nadčas. Inštitút práce nadčas.

Salvato in:
Dettagli Bibliografici
Autore principale: Mrukviová Tomiová, Sandra
Natura: Capitolo di libro
Lingua:slovacco
Soggetti:
Tags: Aggiungi Tag
Nessun Tag, puoi essere il primo ad aggiungerne!!

MARC

LEADER 00000naa a2200000 4500
001 0280889
005 20240417075150.4
041 0 |a slo 
044 |a SK 
245 1 0 |a Práca nadčas  |c Sandra Mrukviová Tomiová 
520 |a Právna úprava práce nadčas. Dôvody zamestnávateľa na nariadenie práce nadčas. Mzda za prácu nadčas. Náhradné voľno za prácu nadčas. Inštitút práce nadčas. 
610 2 0 |a práca nadčasová 
610 2 0 |a úpravy právne 
610 2 0 |a zamestnanci 
610 2 0 |a zamestnávatelia 
610 2 0 |a čas pracovný 
610 2 0 |a zákony 
100 1 |a Mrukviová Tomiová, Sandra